| 000 | 00416pab a2200169 454500 | ||
|---|---|---|---|
| 008 | 180718b2011 xxu||||| |||| 00| 0 eng d | ||
| 100 | _aTandon, B.B. | ||
| 245 | _aTowards qualitative management of management education | ||
| 260 | _c2011 | ||
| 300 | _ap.1-5,12. | ||
| 362 | _a18 Apr | ||
| 650 | _aManagement education | ||
| 700 | _aGarg, Arunesh | ||
| 773 | _aUniversity News | ||
| 908 | _aN | ||
| 909 | _a91253 | ||
| 999 |
_c91253 _d91253 |
||